Алюминий. Методы химического анализа; ГОСТ 12697.1-77 Алюминий. Методы определения ванадия; ГОСТ 12697.2-77 Алюминий. Методы определения магния; ГОСТ 12697.3-77 Алюминий. Методы определения марганца; ГОСТ 12697.4-77 Алюминий. Методы определения натрия; ГОСТ 12697.5-77 Алюминий. Методы определения хрома; ГОСТ 12697.6-77 Алюминий. Методы определения кремния; ГОСТ 12697.7-77 Алюминий. Методы определения железа; ГОСТ 12697.8-77 Алюминий. Методы определения меди; ГОСТ 12697.9-77 Алюминий. Методы определения цинка; ГОСТ 12697.10-77 Алюминий. Методы определения титана; ГОСТ 12697.11-77 Алюминий. Методы определения свинца; ГОСТ 12697.12-77 Алюминий. Методы определения мышьяка

Bibliographische Detailangaben
Körperschaft: СССР Государственный комитет по стандартам (Госстандарт)
Sprache:Russisch
Veröffentlicht: Москва, Изд-во стандартов, 1982
Ausgabe:Изд. офиц.
TOC:ГОСТ 12697.1-77 Алюминий. Методы определения ванадия;
ГОСТ 12697.2-77 Алюминий. Методы определения магния;
ГОСТ 12697.3-77 Алюминий. Методы определения марганца;
ГОСТ 12697.4-77 Алюминий. Методы определения натрия;
ГОСТ 12697.5-77 Алюминий. Методы определения хрома;
ГОСТ 12697.6-77 Алюминий. Методы определения кремния;
ГОСТ 12697.7-77 Алюминий. Методы определения железа;
ГОСТ 12697.8-77 Алюминий. Методы определения меди;
ГОСТ 12697.9-77 Алюминий. Методы определения цинка;
ГОСТ 12697.10-77 Алюминий. Методы определения титана;
ГОСТ 12697.11-77 Алюминий. Методы определения свинца;
ГОСТ 12697.12-77 Алюминий. Методы определения мышьяка;
Schriftenreihe:Государственные стандарты
Schlagworte:
Format: MixedMaterials Buch
KOHA link:https://koha.lib.tpu.ru/cgi-bin/koha/opac-detail.pl?biblionumber=153534

MARC

LEADER 00000nam0a2200000 4500
001 153534
005 20231031151436.0
035 |a (RuTPU)RU\TPU\book\166563 
035 |a RU\TPU\book\166553 
090 |a 153534 
100 |a 20090213d1982 km y0rusy50 ca 
101 0 |a rus 
102 |a RU 
105 |a y l 000zy 
200 1 |a Алюминий. Методы химического анализа 
205 |a Изд. офиц. 
210 |a Москва  |c Изд-во стандартов  |d 1982 
215 |a 73 с. 
225 1 |a Государственные стандарты 
464 |t ГОСТ 12697.1-77 Алюминий. Методы определения ванадия 
464 |t ГОСТ 12697.2-77 Алюминий. Методы определения магния 
464 |t ГОСТ 12697.3-77 Алюминий. Методы определения марганца 
464 |t ГОСТ 12697.4-77 Алюминий. Методы определения натрия 
464 |t ГОСТ 12697.5-77 Алюминий. Методы определения хрома 
464 |t ГОСТ 12697.6-77 Алюминий. Методы определения кремния 
464 |t ГОСТ 12697.7-77 Алюминий. Методы определения железа 
464 |t ГОСТ 12697.8-77 Алюминий. Методы определения меди 
464 |t ГОСТ 12697.9-77 Алюминий. Методы определения цинка 
464 |t ГОСТ 12697.10-77 Алюминий. Методы определения титана 
464 |t ГОСТ 12697.11-77 Алюминий. Методы определения свинца 
464 |t ГОСТ 12697.12-77 Алюминий. Методы определения мышьяка 
610 1 |a ГОСТы 
610 1 |a стандарты 
610 1 |a алюминий 
610 1 |a требования 
610 1 |a методы определения 
610 1 |a химический анализ 
712 0 1 |a СССР  |b Государственный комитет по стандартам (Госстандарт)  |c (1978-1989)  |2 stltpush  |3 (RuTPU)RU\TPU\col\12454 
801 2 |a RU  |b 63413507  |c 20221208  |g PSBO 
942 |c BK